Yahana Nabiku Muhammad Assolehul Amin : diangkat sebagai Nabi

Bibliographic Details
Main Author: Khan, Saniyasnain
Other Authors: Nurul Mardhiah Shamsudin
Format: Book
Published: Batang Kali : Darul Mughi Trading , 2014
Subjects:

MARC

LEADER 00000cam a2200000 7i4500
001 0000190849
005 20150303.0
020 |a 9789670618364 
090 0 0 |a 297.63   |b KHA 
100 1 |a Khan, Saniyasnain 
245 1 0 |a Yahana Nabiku Muhammad Assolehul Amin :   |b diangkat sebagai Nabi   |c Saniyasnain Khan ; penterjemah, Nurul Mardhiah Shamsudin 
260 |a Batang Kali :   |b Darul Mughi Trading ,   |c 2014 
300 |a 96p. ;   |c 27cm. 
650 0 0 |a Islamic stories, Malay   |x Juvenile literature 
650 0 0 |a Muhammad, Prophet, d. 632   |x Juvenile literature 
700 0 |a Nurul Mardhiah Shamsudin 
999 |a 00304863   |b BUKU   |c JUNIOR BOOKS   |e PERPUSTAKAAN KOMUNITI CAW KOTA DAMANSARA 
999 |a 00304864   |b BUKU   |c JUNIOR BOOKS   |e PERPUSTAKAAN KOMUNITI CAW KOTA DAMANSARA 
999 |a 00316053   |b BUKU   |c JUNIOR BOOKS   |e PERPUSTAKAAN KOMUNITI CAW TAMAN MEDAN 
999 |a 00316054   |b BUKU   |c JUNIOR BOOKS   |e PERPUSTAKAAN KOMUNITI CAW TAMAN MEDAN 
999 |a 00316055   |b BUKU   |c JUNIOR BOOKS   |e PERPUSTAKAAN KOMUNITI PETALING JAYA 
999 |a 00316056   |b BUKU   |c JUNIOR BOOKS   |e PERPUSTAKAAN KOMUNITI PETALING JAYA